Hodnotenie vlastností referenčnej ocele pre tlakové nádoby reaktora typu PWR : Diplomová práca

Guardado en:
Detalles Bibliográficos
Autor principal: Reho, Marek (Autor)
Otros Autores: Kupča, Ľudovít, 1946- (xxx)
Formato: Manuscrito Libro
Lenguaje:eslovaco
Publicado: Trnava : STU v Bratislave MtF KMI, 2002
Materias:
Etiquetas: Agregar Etiqueta
Sin Etiquetas, Sea el primero en etiquetar este registro!

MARC

LEADER 00000ntm a22000003a 4500
001 stu76749
005 20160719155034.8
008 020722s2002----xo------------------slo-d
040 |a STU  |b slo 
041 0 |a slo 
044 |a xo 
100 1 |a Reho, Marek  |4 aut 
245 1 |a Hodnotenie vlastností referenčnej ocele pre tlakové nádoby reaktora typu PWR :  |b Diplomová práca 
260 |a Trnava :  |b STU v Bratislave MtF KMI,  |c 2002 
300 |a 73 s  |c abstr. 
650 7 |a referenčné ocele  |2 stusub 
650 7 |a kovové a nekovové materiály  |2 stusub 
650 7 |a tlakové nádoby reaktorov  |2 stusub 
700 1 |a Kupča, Ľudovít,  |d 1946-  |4 xxx  |X 3595  |7 A000003595